Discursos pronunciados en el Congreso por el Dr. D. Francisco Moliner sobre reforma sanitaria y cuestión obrera / (Record no. 94210)

MARC details
000 -LEADER
campo de control de longitud fija 00674nam a2200181 i 4500
001 - NÚMERO DE CONTROL
campo de control 94210
003 - IDENTIFICADOR DE NÚMERO DE CONTROL
campo de control ES-MaACL
005 - FECHA Y HORA DE LA ÚLTIMA TRANSACCIÓN
campo de control 20240511063026.0
007 - CAMPO FIJO DE DESCRIPCIÓN FÍSICA--INFORMACIÓN GENERAL
campo de control de longitud fija t|
008 - DATOS DE LONGITUD FIJA--INFORMACIÓN GENERAL
campo de control de longitud fija 050706s1903 sp ||||1| spa d
100 1# - ENTRADA PRINCIPAL--NOMBRE DE PERSONA
Nombre de persona Moliner y Nicolás, Francisco,
Fechas asociadas al nombre 1851-1915
9 (RLIN) 81984
245 10 - MENCIÓN DEL TÍTULO
Título Discursos pronunciados en el Congreso por el Dr. D. Francisco Moliner sobre reforma sanitaria y cuestión obrera /
Mención de responsabilidad, etc. carta prólogo del Dr. Moliner.
260 ## - PUBLICACIÓN, DISTRIBUCIÓN, ETC.
Lugar de publicación, distribución, etc. Valencia :
Nombre del editor, distribuidor, etc. [s.n.],
Fecha de publicación, distribución, etc. 1903 (
Fabricante Impr. de F. Martínez Andreu)
300 ## - DESCRIPCIÓN FÍSICA
Extensión 94 p. ;
Dimensiones 21 cm.
500 ## - NOTA GENERAL
Nota general Precede al título: Medicina política o social.
852 ## - LOCALIZACIÓN
Ubicación ES-MaACL
Número de control de estantería T-1019-F-2
Holdings
Estatus retirado Estado de pérdida Estado de daño No para préstamo Colección Biblioteca de origen Biblioteca actual Ubicación en estantería Fecha de adquisición Fuente de adquisición Total de préstamos Signatura topográfica completa Código de barras Visto por última vez Precio de reemplazo Tipo de ítem Koha
        Colección de folletos Biblioteca del Ateneo de Madrid Biblioteca del Ateneo de Madrid Depósito folletos 17/01/2008     T-1019-F-2 1098397 23/02/2023 23/02/2023 Folleto